000
00344nam a2200145Ia 4500
008
230718s9999 xx 000 0 und d
041
_a
Eng.
082
_a
34206
_b
NAS-C
100
_a
Nasir, Syed Mahmud-un-
245
0
_a
Constitution History
260
_a
Pakistan
_b
Manzoor book house
_c
2004
300
_a
200
650
_a
Law
999
_c
28512
_d
28512